000 00459nam a2200145 4500
001 116356
003 ES-MaACL
007 t|
008 061121s1914 sp r ||||1| spa d
245 0 0 _aParnaso español contemporáneo
_b: antología completa de los mejores poetas /
_cesmeradamente seleccionada por José Brissa.
260 _aBarcelona :
_bMaucci,
_c1914.
300 _a511 p. ;
_c22 cm.
700 1 _aBrissa, José.
_931786
852 _aES-MaACL
_jG-2839
999 _c116356
_d116356